Score 0/100 Timer 15:00
2 Plays Today
% Correct
Titanic
86.6%
Jurassic Park
72.8%
Toy Story
66%
Forrest Gump
62.3%
The Lion King
57.7%
Toy Story 2
53.1%
The Lost World: Jurassic Park
50.3%
Independence Day
48.9%
Saving Private Ryan
48.8%
Aladdin
48.4%
Star Wars (Special Edition)
48.4%
Terminator 2: Judgment Day
48.1%
Beauty and the Beast
47.6%
Pulp Fiction
44.5%
Men in Black
43.4%
Star Wars: Episode I - The Phantom Menace
42.8%
Batman Returns
42.4%
The Matrix
40.5%
Batman Forever
40.3%
Mission: Impossible
39.3%
Schindler's List
39%
Die Hard: With A Vengeance
36.3%
Die Hard 2: Die Harder
36.2%
Armageddon
36%
Dances with Wolves
35.5%
The Silence of the Lambs
35.2%
A Bug's Life
34.7%
Pretty Woman
34.5%
Home Alone
34.3%
The Rock
33.3%
Ghost
31.6%
Pocahontas
30.8%
The Sixth Sense
30%
Home Alone 2: Lost in New York
29.9%
% Correct
The Mask
28.9%
Good Will Hunting
28.1%
Lethal Weapon 3
27.5%
Dumb and Dumber
27.1%
Apollo 13
27%
Sleepless in Seattle
26.5%
GoldenEye
26.3%
Speed
25.7%
Mrs. Doubtfire
25%
Se7en
24.6%
Jerry Maguire
24.4%
The Fugitive
23.9%
There's Something About Mary
22.2%
True Lies
21.9%
Tarzan
21.7%
A Few Good Men
21.5%
Tomorrow Never Dies
21.4%
Liar Liar
21.3%
Air Force One
21.3%
Deep Impact
21.1%
Ace Ventura: When Nature Calls
20.8%
Robin Hood: Prince of Thieves
20.3%
Twister
20%
As Good as It Gets
18.9%
The Firm
18%
Hook
17.6%
Austin Powers: The Spy Who Shagged Me
17.6%
Wayne's World
17.2%
Jumanji
17.1%
Total Recall
16.9%
Runaway Bride
15.6%
The Waterboy
15.4%
The Hunt for Red October
15.3%
Basic Instinct
15.2%
% Correct
The Mummy
14.9%
Big Daddy
14.7%
A League of Their Own
14.6%
Kindergarten Cop
14.5%
Godzilla
14.5%
The Pelican Brief
14.3%
My Best Friend's Wedding
14.2%
Rush Hour
14.2%
The Blair Witch Project
14%
Clear and Present Danger
13.8%
The Nutty Professor
13.7%
The Bodyguard
13.7%
The Santa Clause
12%
Patch Adams
11.7%
Teenage Mutant Ninja Turtles
11.4%
Sister Act
11.4%
Cliffhanger
11.1%
City Slickers
11.1%
Ransom
10.5%
Doctor Dolittle
10.1%
Dick Tracy
10%
Sleeping with the Enemy
9.7%
A Time to Kill
9.6%
Casper
9.4%
Indecent Proposal
9.4%
101 Dalmatians
9.2%
The Flintstones
8.9%
The Addams Family
8.9%
Father of the Bride
8.9%
In the Line of Fire
8.8%
The Naked Gun 2 1
8.6%
The Birdcage
8.1%

You're not logged in!

Compare scores with friends on all Sporcle quizzes.
OR
Log In

Sporcle TV

Today on Sporcle TV


Watch our educational content, quiz creation guides, and fun videos on Sporcle TV.

Show Comments

Extras

Top Quizzes Today


Score Distribution

Paid Content

Your Account Isn't Verified!

In order to create a playlist on Sporcle, you need to verify the email address you used during registration. Go to your Sporcle Settings to finish the process.

Report this User

Report this user for behavior that violates our Community Guidelines.

Details: